1106 1779 1792 1560 1843 1067 1318 1322 1646 1828 1475 1050 1693 1062 1137 1020 1723 1986 1026 1157 1458 1678 1423 1928 1078 1294 1524 1629 1072 1223 1815 1455 1042 1052 1986 1938 1435 1219 1615 1927 1902 1246 1566 1643 1566 1849 1108 1919 1745 1219 1180 1173 1772 1474 1540 1079 1622 1868 1201 1826 1376 1148 1979 1636 1036 1453 1012 1834 1019 1169 1709 1001 1575 1517 1381 1543 1017 1242 1757 1719 1734 1011 1798 1530 1152 1377 1949 1191 1249 1299 1051 1387 1533 1065 1508 1084 1957 1989 1940 BCNSPRNW ULIB Ver.6.0+V

เปลี่ยนเป็นภาษาไทย

Change to English
 แสดงรายละเอียดบรรณานุกรม
  กลับหน้าหลัก

Brief Record : Get Marc (ISO 2709) : E-mail record : QR code < ปิดหน้าต่าง
LEADER : 00000nam 2200000uu 4500
001    13399120860
003     ULIB
008    020711s2550 th a 000 0 tha d
020    9789748820187
050    BQ4990 ป163ห
100    ปภัสสระเมธี (เปรียญ)
245    1 นาที แนะวิธีเสริมมงคลสำหรับชีวิตประจำวันด้วยตนเอง
250    พิมพ์ครั้งที่ 1
260    กรุงเทพฯ :^bบุ๊คส์ ทู ยู,^c2550
945    ^p100^l0^i14918
999    ^aทศพร เกษรทอง
รายการนี้ยังไม่มีแท็ก
คุณยังไม่ได้ล็อกอิน คุณสามารถมีกิจกรรมร่วมกับเว็บไซต์ได้ แต่ต้องล็อกอินก่อน ::
  ล็อกอิน

รายการสื่อสารสนเทศ

ลำดับที่ ประเภท เลขเรียก/บาร์โค้ด สถานที่ สถานะ
1. วิทยาศาสตร์การแพทย์ และสุขภาพ
วิทยาศาสตร์การแพทย์ และสุขภาพ
BQ4990 ป163ห  
  Barcode: 14918
ห้องสมุดวิทยาเขตสวรรค์ประชารักษ์
►หนังสือทั่วไป
บนชั้น

BibComment


ยังไม่เคยถูกคอมเมนท์

คอมเมนท์ทรัพยากรรายการนี้
  คอมเมนท์: 1 นาที แนะวิธีเสร..


 Copyright 2026. Bcnsprnw @Library